Quem pode parar o vento? (Registo nº 4662)

Detalhes MARC
000 -Etiqueta do registo
Cabeçalho 00652nam0a2200229 4500
005 - Identificador da versão
Campo de controlo 20240905122724.0
021 ## - Número do Depósito Legal
Código do país PT
Número 110/82
100 ## - Dados gerais de processamento
Dados gerais de processamento 20190128d1982 c y0pory5003 ba
101 0# - Língua de publicação
Língua do texto, banda sonora, etc. Português
102 ## - Pais de publicação ou produção
País de publicação Portugal
200 1# - Titulo e menção de responsabilidade
Título próprio Quem pode parar o vento?
Primeira menção de responsabilidade de Manuel Ferreira
Outras menções de responsabilidade il. Cristina Malaquias
210 ## - Publicação, Distribuição, etc. 
Lugar da edição, distribuição, etc. Lisboa
Nome do editor, distribuidor, etc. Plátano ed.
Data da publicação, distribuição, etc. D. L. 1982
215 ## - Descrição física 
Indicação específica da natureza do documento e extensão da espécie 38, [2] p.
Outras indicações físicas il. color
225 1# - Colecção 
Título próprio da colecção A rã que ri
Indicação de volume 16
606 ## - Nome comum usado como assunto
Número de registo de entrada de autoridade 0001335
Palavra de ordem Literatura portuguesa
Subdivisão de assunto Conto
Código do sistema CA
675 ## - Classificação Decimal Universal (CDU)
Notação 821.134.3-34
Edição 3ª ed.
Língua da edição por
700 #1 - Nome de autor-pessoa física (responsabilidade principal)
Número de registo de entrada de autoridade 0001905
Palavra de ordem Ferreira
Outra parte do nome não tomada para palavra de ordem Manuel
702 #1 - Nome de autor-pessoa física (responsabilidade secundária)
Número de registo de entrada de autoridade 0001353
Palavra de ordem Malaquias
Outra parte do nome não tomada para palavra de ordem Cristina
Código de função Ilustrador / Técnico de desenho computorizado
942 ## - Elementos de entrada adicionados (Koha)
Tipo de item no Koha Livro
966 ## - Identificação da Biblioteca
Sigla EBVEN
Exemplares
Situação do levantamento Origin of item (home branch) (coded) Biblioteca de empréstimo Código de barras Cota Circulation type (not for loan) Tipo de documento Nota do exemplar Damaged status
  Biblioteca Escolar das Vendas Biblioteca Escolar das Vendas BEV280 8POR FER   Livro Sem mensagem